000 00511nam a2200145Ia 4500
008 100204s9999 xx 000 0 und d
082 _b18989
100 _aजोशी श्रीपाद
245 _aविस्कटलेलं घरटं
260 _b"दिपाली प्रकाशन , कल्याण , ठाणे"
_c1996
300 _a123
630 _aविस्कटलेलं घरटं
730 _aविस्कटलेलं घरटं
942 _cBOOK
999 _c463412
_d463409